مكتبة جامعة عجلون الوطنية

فهرس بحث المكتبة

Normal view MARC view
  • الحج- شهررجب- فضائل

Entry Topical Term

Number of records used in: 1

001 - CONTROL NUMBER

  • control field: 19002

003 - CONTROL NUMBER IDENTIFIER

  • control field: JO-AjAnu

005 - DATE AND TIME OF LATEST TRANSACTION

  • control field: 20230606073328.0

008 - FIXED-LENGTH DATA ELEMENTS

  • fixed length control field: 230606|| aca||aabn | a|a d

040 ## - CATALOGING SOURCE

  • Original cataloging agency: JO-AjAnu
  • Transcribing agency: JO-AjAnu

150 ## - HEADING--TOPICAL TERM

  • Topical term or geographic name entry element: الحج- شهررجب- فضائل

670 ## - SOURCE DATA FOUND

  • Source citation: Work cat.: (JO-AjAnu)9750: العسقلاني، أبي الفضل أحمد بن علي بن حجر ؛ شرح و تعليق : سمير حسين حلبي ؛ تحقيق وتعليق واخراج احاديث: ابراهيم بن اسماعيل آل عصر, author 19001, قوة الحجاج في عموم المغفرة للحجاج ويليه تبيين العجب بما ورد في فضل رجب